000 01976cad a22002175a 4500
001 L150997
008 100922s2010 xxk f 000 0 eng d
020 _a9780728205123
035 _a(Sirsi) u150997
041 0 _aeng
050 0 4 _a690.24 $2 18
110 2 _aUnited Kingdom
_bDepartment for Communities and Local Government
_94939
245 0 0 _aCondition information in the homebuying and selling process
_bFinal report from the working group
_h[electronic resource]
260 _aLondon
_bDCLG
_c2010
520 _aWorking Group set up by Margaret Beckett, former Minister of Housing in December 2008 with representatives from consumer groups and professional organisations involved in home buying and selling process aimed at improving information available to consumers on condition of properties prior to purchase. Key recommendations include the market provision of various condition reports based on a defined set of core requirements which could in the future be authorised for inclusion in HIPs, a certification scheme framework to ensure a competent and suitably qualified workforce, an agreed set of robust service standards across industry and action to promote to consumers the importance of condition information in the home buying and selling process and clarity about the various products. To assist in developing an evidence base for the Working Group, Ipsos MORI was commissioned to conduct a short research exercise looking at the role of property condition information in the home buying and selling process (see Appendix B). See L150999, L151002 amd L151006 Prior to to publication of of the Final Report, Home Information Packs (HIPS) were withdrawn in May 2010.
590 _aKA NTK
651 4 _aENGLAND AND WALES
690 _aBUILT ENVIRONMENT-BUILDING SURVEYING-STOCK CONDITION SURVEYING
856 4 0 _uhttps://www.communities.gov.uk/documents/housing/pdf/1705040.pdf
_zView this item free of charge at www.communities.gov.uk
942 _n0
999 _c111096
_d111096